|
|
|
|
| LEADER |
05579nam a22004093i 4500 |
| 001 |
EBC6956117 |
| 003 |
MiAaPQ |
| 005 |
20231204023223.0 |
| 006 |
m o d | |
| 007 |
cr cnu|||||||| |
| 008 |
231204s2019 xx o ||||0 ger d |
| 020 |
|
|
|a 9783839449844
|q (electronic bk.)
|
| 020 |
|
|
|z 9783837649840
|
| 035 |
|
|
|a (MiAaPQ)EBC6956117
|
| 035 |
|
|
|a (Au-PeEL)EBL6956117
|
| 035 |
|
|
|a (OCoLC)1129169839
|
| 040 |
|
|
|a MiAaPQ
|b eng
|e rda
|e pn
|c MiAaPQ
|d MiAaPQ
|
| 100 |
1 |
|
|a Hirsch, Anja.
|
| 245 |
1 |
0 |
|a Gemeinwohlorientiert und innovativ? :
|b Die Förderung politischer Jugendbildung durch unternehmensnahe Stiftungen.
|
| 250 |
|
|
|a 1st ed.
|
| 264 |
|
1 |
|a Bielefeld :
|b transcript,
|c 2019.
|
| 264 |
|
4 |
|c {copy}2019.
|
| 300 |
|
|
|a 1 online resource (341 pages)
|
| 336 |
|
|
|a text
|b txt
|2 rdacontent
|
| 337 |
|
|
|a computer
|b c
|2 rdamedia
|
| 338 |
|
|
|a online resource
|b cr
|2 rdacarrier
|
| 490 |
1 |
|
|a Edition Politik
|
| 505 |
0 |
|
|a Cover -- Inhalt -- Abkürzungsverzeichnis -- Dank -- 1 Einleitung -- 2 Neue Akteure und neue Formate in der außerschulischen politischen Jugendbildung -- Außerschulische politische Jugendbildung -- Über die Profession -- Demokratisches Selbstverständnis -- Unternehmensnahe Stiftungen als wenig beachtete politische Bildungsakteure im pluralen Trägersystem -- Politische Jugendbildung mit ›sozial und bildungsbenachteiligten Jugendlichen‹ -- ›Sozial und bildungsbenachteiligte Jugendliche‹ als Zielgruppeder politischen Bildung -- Zielgruppenadäquate Formatentwicklung -- Soziale Ungleichheit und strukturelle Benachteiligung - (k)ein Thema in der politischen Bildung mit ›benachteiligten Jugendlichen‹?! -- Zwischenfazit -- 3 Gesellschafts- und bildungstheoretische Grundlegung -- Kulturelle Hegemonietheorie: Politische Bildungsförderung durch unternehmensnahe Stiftungen im Kontext des Ringens um Hegemonie analysieren -- Kulturelle Hegemonie als Herrschaftsmodus, die Rolle der Zivilgesellschaft und der organischen Intellektuellen -- Universalisierung von Partikularinteressen -- Die Bedeutung von Alltagspraxen und des Alltagsverstands -- Bildungstheoretische Ansätze: Kämpfe um Hegemonie als Kämpfe um die Bildung der Subjekte -- Subjektkritik: Gesellschaftliche Formung des Subjekts und die Rolle gesellschaftlicher Strukturen -- Politische Bildung und ihre Korrespondenz zur vorherrschenden Produktionsweise -- Symbolische Herrschaft im Feld der politischen Bildung -- Zwischenfazit -- 4 Unternehmensnahe Stiftungen als politische Bildungsakteure -- Unternehmensnahe Stiftungen als Bildungsakteure zwischen Gemeinwohl und Partikularinteressen -- Unternehmensnahe Stiftungen und Partikularinteressen -- Politischer Einfluss und institutionelle Strukturen -- Transparenzstandards -- Unternehmensnahe Stiftungen auf dem Feld der politischen Bildung.
|
| 505 |
8 |
|
|a Überblick über Stiftungen -- Überblick über Aktivitäten -- Das Beispiel Robert Bosch Stiftung und ihr Schwerpunkt politische Bildung für ›wenig interessierte Jugendliche‹ -- Über die Stiftung -- Strategie im Schwerpunkt »Jugend und Demokratie« -- Innovative Modellprojekte -- DU HAST DIE MACHT -- Dialog macht Schule -- Lernort Stadion -- Bildungsziele -- Zwischenfazit -- 5 Fallstudie -- Methodik -- Forschungsdesign: Anonymisierte Einzelfallstudie -- Expert*innen-Interview zur Datenerhebung -- Leitfaden und Interviewführung -- Transkription und themenanalytische Inhaltsanalyse -- Micro Projects -- Rollen und Aufgaben der Hauptkooperationspartner -- Über das Programm -- Komplexes Kooperationsnetzwerk -- T.C. Foundation: Übergeordnete Strategien -- Bildungsstiftung: Pädagogische Qualität und ›Übersetzer‹ -- Technology Company: Mehr als nur ein Sponsor -- Einrichtungen aus der Jugendarbeit: Projektbegleiter -- Weitere Partner -- Beratungsgremium auf internationaler Ebene -- Zielgruppe ›sozial benachteiligte Jugendliche‹ -- Fokus auf ›sozial benachteiligte Jugendliche‹ -- …aber nicht in allen Förderstufen -- Programmneuausrichtung -- Beweggründe der Mittelgeber für die Neuausrichtung -- Umsetzung der Neuausrichtung: mit gesellschaftlichen Herausforderungen verbinden und über Anreize steuern -- Kritischer Blick der pädagogisch Tätigen -- Bildungsansatz und -ziele -- Der Ansatz des selbstbestimmten Jugendengagements -ressourcenorientiert, niedrigschwellig, thematisch offen -- …mit dem Ziel: Kompetenzförderung -- »Micro Projects« als politisches Bildungsprogramm -- Teamer*innen-Netzwerk -- Funktion und Aufgaben -- Mitbestimmung?! -- Win‐win-Situation? Zusammenfassung der Ergebnisseund theoretische Einordnung -- Rekonstruktion der Programmausrichtung und -umsetzung -- Theoretische Reflexion zur Reproduktion von Herrschafts-und Ungleichheitsstrukturen.
|
| 505 |
8 |
|
|a 6 Fazit -- Anhang -- A.1 Protokolle und Interviews -- A.2 Programme -- Literaturverzeichnis -- Unveröffentlichte Expertisen, Evaluationen, Dokumente -- Printmedien -- Internetquellen.
|
| 588 |
|
|
|a Description based on publisher supplied metadata and other sources.
|
| 590 |
|
|
|a Electronic reproduction. Ann Arbor, Michigan : ProQuest Ebook Central, 2023. Available via World Wide Web. Access may be limited to ProQuest Ebook Central affiliated libraries.
|
| 655 |
|
4 |
|a Electronic books.
|
| 776 |
0 |
8 |
|i Print version:
|a Hirsch, Anja
|t Gemeinwohlorientiert und innovativ?
|d Bielefeld : transcript,c2019
|z 9783837649840
|
| 797 |
2 |
|
|a ProQuest (Firm)
|
| 830 |
|
0 |
|a Edition Politik
|
| 856 |
4 |
0 |
|u https://ebookcentral.proquest.com/lib/matrademy/detail.action?docID=6956117
|z Click to View
|